|
|
|
|
| LEADER |
00000nam a2200000Ia 4500 |
| 008 |
160517b2011 a ||||| |||| 00| | spa d |
| 999 |
|
|
|c 530
|d 530
|
| 020 |
|
|
|a 9789871785179
|
| 090 |
|
|
|a 06.02.01
|b 810
|
| 100 |
1 |
|
|a Hillert, Flora M.
|9 1769
|e Compilador/a
|
| 245 |
1 |
3 |
|a La mirada pedagógica para el siglo XXI: teorías, temas y prácticas en cuestión. Reflexiones de un encuentro /
|c Flora M. Hillert, María José Ameijeiras, Nora Graziano, (compiladoras)
|
| 260 |
|
|
|a Buenos Aires :
|b Editorial de la Facultad de Filosofía y Letras. Universidad de Buenos Aires,
|c 2011
|
| 300 |
|
|
|a 210 páginas
|
| 500 |
|
|
|a Información tomada de la portada: Libro de la Maestría en Educación Pedagogías críticas y problemáticas socioeducativas
|
| 650 |
1 |
4 |
|a EDUCACIÓN
|9 1
|
| 650 |
1 |
4 |
|a PEDAGOGÍA
|9 1770
|
| 700 |
1 |
|
|a Ameijeiras, María José
|9 1771
|e Compilador/a
|
| 700 |
1 |
|
|a Graziano, Nora
|9 1772
|e Compilador/a
|
| 942 |
|
|
|i 001802 ,004214
|h 06.02.01 810
|2 z
|c 01
|